[Event "ARG-ch sf Amateur 13th"]
[Site "Monte Grande"]
[Date "2016.10.21"]
[Round "1.2"]
[White "Alves Fernandes, Pablo"]
[Black "Leguiza, Gustavo"]
[Result "1-0"]
[WhiteElo "2072"]
[BlackElo "1799"]
[PlyCount "65"]
[EventDate "2016.10.21"]
[EventType "swiss"]
[EventRounds "6"]
[EventCountry "ARG"]
[SourceTitle "EXT 2024"]
[Source "ChessBase"]
[SourceDate "2023.10.10"]
[SourceVersion "1"]
[SourceVersionDate "2023.10.10"]
[SourceQuality "1"]

1. e4 c5 2. Nf3 d6 3. d4 cxd4 4. Qxd4 Nc6 5. Bb5 Qb6 6. Qxb6 axb6 7. Be3 Nf6 8. Nc3 g6 9. Bxb6 Bg7 10. 0-0-0 0-0 11. Rhe1 Be6 12. Nd4 Nxd4 13. Bxd4 Rfc8 14. a4 Bc4 15. b3 Bxb5 16. Nxb5 Rc6 17. f3 Nd7 18. Bxg7 Kxg7 19. Kb2 Rac8 20. Rd2 Rc5 21. Re3 Ne5 22. Rc3 Kf6 23. f4 Ng4 24. h3 Rxc3 25. Nxc3 Ne3 26. Re2 Nf1 27. Rf2 Ng3 28. Rf3 Nh5 29. g4 Ng7 30. Nd5+ Ke6 31. c4 f5 32. exf5+ gxf5 33. Re3+ 1-0